[Event "ABC-4 2025 Groep B"]
[Site "Utrecht"]
[Date "2025.03.16"]
[Round "5.7"]
[White "Lopes, Samuel"]
[Black "Frederiks, Jesse"]
[Result "1-0"]
[WhiteFideId "8763414"]
[BlackFideId "8829810"]
[WhiteElo "2017"]
[BlackElo "1887"]

1. e4 {[%clk 00:55:17]} {[%emt 00:00:02]} e5 {[%clk 00:51:56]} {[%emt
00:03:24]} 2. Nf3 {[%clk 00:54:48]} {[%emt 00:00:39]} Nc6 {[%clk 00:51:59]}
{[%emt 00:00:07]} 3. Bb5 {[%clk 00:54:50]} {[%emt 00:00:08]} a6 {[%clk
00:51:40]} {[%emt 00:00:29]} 4. Ba4 {[%clk 00:54:39]} {[%emt 00:00:21]} Nf6
{[%clk 00:50:54]} {[%emt 00:00:56]} 5. O-O {[%clk 00:54:42]} {[%emt 00:00:08]}
b5 {[%clk 00:48:54]} {[%emt 00:02:10]} 6. Bb3 {[%clk 00:54:44]} {[%emt
00:00:08]} Be7 {[%clk 00:47:51]} {[%emt 00:01:12]} 7. Re1 {[%clk 00:54:20]}
{[%emt 00:00:35]} O-O {[%clk 00:46:39]} {[%emt 00:01:22]} 8. c3 {[%clk
00:54:13]} {[%emt 00:00:17]} d6 {[%clk 00:46:07]} {[%emt 00:00:42]} 9. h3
{[%clk 00:53:53]} {[%emt 00:00:29]} h6 {[%clk 00:39:56]} {[%emt 00:06:21]} 10.
d4 {[%clk 00:50:37]} {[%emt 00:03:26]} Bb7 {[%clk 00:34:40]} {[%emt 00:05:26]}
11. Nh4 {[%clk 00:43:02]} {[%emt 00:07:45]} Re8 {[%clk 00:24:09]} {[%emt
00:10:41]} 12. d5 {[%clk 00:40:04]} {[%emt 00:03:08]} Nb8 {[%clk 00:23:19]}
{[%emt 00:00:59]} 13. Nf5 {[%clk 00:39:50]} {[%emt 00:00:25]} Bf8 {[%clk
00:22:49]} {[%emt 00:00:39]} 14. a4 {[%clk 00:39:18]} {[%emt 00:00:43]} Nbd7
{[%clk 00:21:02]} {[%emt 00:01:56]} 15. Bc2 {[%clk 00:38:34]} {[%emt 00:00:54]}
Nb6 {[%clk 00:17:48]} {[%emt 00:03:24]} 16. axb5 {[%clk 00:36:49]} {[%emt
00:01:56]} axb5 {[%clk 00:17:51]} {[%emt 00:00:08]} 17. Rxa8 {[%clk 00:36:55]}
{[%emt 00:00:05]} Qxa8 {[%clk 00:15:47]} {[%emt 00:02:13]} 18. Na3 {[%clk
00:36:35]} {[%emt 00:00:30]} Ba6 {[%clk 00:14:09]} {[%emt 00:01:48]} 19. Bd3
{[%clk 00:31:48]} {[%emt 00:04:58]} Nc4 {[%clk 00:13:51]} {[%emt 00:00:28]} 20.
Nc2 {[%clk 00:31:29]} {[%emt 00:00:29]} Bc8 {[%clk 00:06:35]} {[%emt 00:07:26]}
21. Ng3 {[%clk 00:25:45]} {[%emt 00:05:54]} Bd7 {[%clk 00:05:15]} {[%emt
00:01:31]} 22. Bxc4 {[%clk 00:24:15]} {[%emt 00:01:39]} bxc4 {[%clk 00:05:15]}
{[%emt 00:00:10]} 23. Na3 {[%clk 00:24:15]} {[%emt 00:00:10]} Qa4 {[%clk
00:04:21]} {[%emt 00:01:03]} 24. Qxa4 {[%clk 00:23:44]} {[%emt 00:00:41]} Bxa4
{[%clk 00:04:30]} {[%emt 00:00:01]} 25. Nxc4 {[%clk 00:23:48]} {[%emt
00:00:06]} c6 {[%clk 00:04:04]} {[%emt 00:00:36]} 26. Nb6 {[%clk 00:23:08]}
{[%emt 00:00:50]} Bb3 {[%clk 00:03:14]} {[%emt 00:01:01]} 27. dxc6 {[%clk
00:23:00]} {[%emt 00:00:19]} Be6 {[%clk 00:03:06]} {[%emt 00:00:17]} 28. Be3
{[%clk 00:22:36]} {[%emt 00:00:34]} d5 {[%clk 00:02:10]} {[%emt 00:01:06]} 29.
Rd1 {[%clk 00:20:50]} {[%emt 00:01:55]} dxe4 {[%clk 00:01:38]} {[%emt
00:00:43]} 30. b4 {[%clk 00:19:36]} {[%emt 00:01:24]} Be7 {[%clk 00:01:22]}
{[%emt 00:00:26]} 31. c4 {[%clk 00:18:44]} {[%emt 00:01:02]} Bd8 {[%clk
00:01:23]} {[%emt 00:00:09]} 32. c5 {[%clk 00:18:40]} {[%emt 00:00:14]} Bc7
{[%clk 00:00:58]} {[%emt 00:00:34]} 33. b5 {[%clk 00:17:49]} {[%emt 00:01:01]}
Kf8 {[%clk 00:00:44]} {[%emt 00:00:24]} 34. Nd7+ {[%clk 00:16:40]} {[%emt
00:01:19]} Ke7 {[%emt 00:00:42]} 35. Nxf6 {[%clk 00:16:22]} {[%emt 00:00:19]}
Kxf6 {[%clk 00:00:20]} {[%emt 00:00:11]} 36. Nxe4+ {[%clk 00:16:22]} {[%emt
00:00:10]} Kg6 {[%clk 00:00:23]} {[%emt 00:00:07]} 37. b6 {[%clk 00:16:16]}
{[%emt 00:00:16]} f5 {[%clk 00:00:13]} {[%emt 00:00:20]} 38. Nd6 {[%clk
00:15:51]} {[%emt 00:00:34]} Bxd6 {[%clk 00:00:12]} {[%emt 00:00:12]} 39. cxd6
{[%clk 00:15:35]} {[%emt 00:00:26]} Rc8 {[%clk 00:00:11]} {[%emt 00:00:11]} 40.
b7 {[%clk 00:15:30]} {[%emt 00:00:15]} Rf8 {[%clk 00:00:11]} {[%emt 00:00:10]}
41. c7 {[%clk 00:15:30]} {[%emt 00:00:10]} 1-0

[Event "ABC-4 2025 Groep B"]
[Site "Utrecht"]
[Date "2025.03.16"]
[Round "5.8"]
[White "Woldhuis, Marnik"]
[Black "Van Haaften, Jelle"]
[Result "0-1"]
[WhiteFideId "8820218"]
[BlackFideId "8687283"]
[WhiteElo "1961"]
[BlackElo "1843"]

1. c3 {[%clk 00:55:16]} {[%emt 00:00:03]} Nf6 {[%clk 00:54:35]} {[%emt
00:00:44]} 2. d4 {[%clk 00:55:21]} {[%emt 00:00:06]} c5 {[%clk 00:51:35]}
{[%emt 00:03:10]} 3. Nf3 {[%clk 00:54:17]} {[%emt 00:01:13]} e6 {[%clk
00:51:24]} {[%emt 00:00:21]} 4. Bf4 {[%clk 00:53:23]} {[%emt 00:01:05]} Nc6
{[%clk 00:50:42]} {[%emt 00:00:51]} 5. Nbd2 {[%clk 00:53:10]} {[%emt 00:00:24]}
Be7 {[%clk 00:50:01]} {[%emt 00:00:49]} 6. e4 {[%clk 00:52:51]} {[%emt
00:00:30]} d5 {[%clk 00:49:50]} {[%emt 00:00:21]} 7. e5 {[%clk 00:52:37]}
{[%emt 00:00:23]} Nd7 {[%clk 00:49:55]} {[%emt 00:00:05]} 8. Bd3 {[%clk
00:52:29]} {[%emt 00:00:18]} Qb6 {[%clk 00:49:30]} {[%emt 00:00:35]} 9. Qb3
{[%clk 00:51:48]} {[%emt 00:00:51]} c4 {[%clk 00:45:43]} {[%emt 00:03:56]} 10.
Qxb6 {[%clk 00:49:47]} {[%emt 00:02:12]} axb6 {[%clk 00:44:44]} {[%emt
00:01:10]} 11. Bc2 {[%clk 00:49:25]} {[%emt 00:00:31]} b5 {[%clk 00:44:42]}
{[%emt 00:00:13]} 12. O-O {[%clk 00:43:20]} {[%emt 00:06:15]} Nb6 {[%clk
00:40:55]} {[%emt 00:03:56]} 13. Rfb1 {[%clk 00:35:43]} {[%emt 00:07:48]} O-O
{[%clk 00:38:29]} {[%emt 00:02:36]} 14. Bg3 {[%clk 00:29:37]} {[%emt 00:06:17]}
b4 {[%clk 00:35:34]} {[%emt 00:03:04]} 15. Ne1 {[%clk 00:27:32]} {[%emt
00:02:15]} Bd7 {[%clk 00:33:11]} {[%emt 00:02:33]} 16. a3 {[%clk 00:22:18]}
{[%emt 00:05:25]} b3 {[%clk 00:32:02]} {[%emt 00:01:19]} 17. Nxb3 {[%clk
00:21:38]} {[%emt 00:00:50]} cxb3 {[%clk 00:31:52]} {[%emt 00:00:18]} 18. Bxb3
{[%clk 00:21:44]} {[%emt 00:00:06]} Na5 {[%clk 00:31:40]} {[%emt 00:00:23]} 19.
Bc2 {[%clk 00:21:27]} {[%emt 00:00:26]} Nac4 {[%clk 00:31:24]} {[%emt
00:00:27]} 20. a4 {[%clk 00:18:33]} {[%emt 00:03:05]} Na5 {[%clk 00:18:43]}
{[%emt 00:12:50]} 21. f4 {[%clk 00:17:26]} {[%emt 00:01:17]} f6 {[%clk
00:13:01]} {[%emt 00:05:52]} 22. Nf3 {[%clk 00:16:28]} {[%emt 00:01:07]} f5
{[%clk 00:12:24]} {[%emt 00:00:49]} 23. Bh4 {[%clk 00:15:32]} {[%emt 00:01:05]}
Bxh4 {[%clk 00:11:47]} {[%emt 00:00:47]} 24. Nxh4 {[%clk 00:15:36]} {[%emt
00:00:06]} Nac4 {[%clk 00:11:03]} {[%emt 00:00:55]} 25. Nf3 {[%clk 00:13:56]}
{[%emt 00:01:49]} Ne3 {[%clk 00:07:48]} {[%emt 00:03:26]} 26. Bd3 {[%clk
00:11:13]} {[%emt 00:02:52]} Bxa4 {[%clk 00:07:09]} {[%emt 00:00:49]} 27. b3
{[%clk 00:10:45]} {[%emt 00:00:39]} Bc6 {[%clk 00:07:01]} {[%emt 00:00:18]} 28.
h3 {[%clk 00:10:30]} {[%emt 00:00:23]} Rxa1 {[%clk 00:04:00]} {[%emt 00:03:12]}
29. Rxa1 {[%clk 00:10:35]} {[%emt 00:00:05]} Ra8 {[%clk 00:04:08]} {[%emt
00:00:02]} 30. Re1 {[%clk 00:10:36]} {[%emt 00:00:09]} Ra3 {[%clk 00:04:16]}
{[%emt 00:00:02]} 31. Rxe3 {[%clk 00:10:10]} {[%emt 00:00:34]} Rxb3 {[%clk
00:04:21]} {[%emt 00:00:07]} 32. Kf2 {[%clk 00:09:35]} {[%emt 00:00:45]} Nc4
{[%clk 00:02:57]} {[%emt 00:01:34]} 33. Bxc4 {[%clk 00:09:15]} {[%emt
00:00:29]} dxc4 {[%clk 00:03:05]} {[%emt 00:00:02]} 34. Nd2 {[%clk 00:09:07]}
{[%emt 00:00:18]} Rb2 {[%clk 00:03:00]} {[%emt 00:00:16]} 35. Re2 {[%clk
00:09:00]} {[%emt 00:00:17]} b5 {[%clk 00:02:14]} {[%emt 00:00:57]} 36. g4
{[%clk 00:08:43]} {[%emt 00:00:27]} g6 {[%clk 00:00:55]} {[%emt 00:01:30]} 37.
Kf1 {[%clk 00:07:49]} {[%emt 00:01:03]} Rc2 {[%clk 00:00:48]} {[%emt 00:00:17]}
38. Nb1 {[%clk 00:07:27]} {[%emt 00:00:32]} Rc1+ {[%clk 00:00:42]} {[%emt
00:00:16]} 39. Re1 {[%clk 00:07:32]} {[%emt 00:00:05]} Bg2+ {[%clk 00:00:26]}
{[%emt 00:00:25]} 40. Kf2 {[%clk 00:07:27]} {[%emt 00:00:14]} Rc2+ {[%clk
00:00:18]} {[%emt 00:00:19]} 41. Kg3 {[%clk 00:07:11]} {[%emt 00:00:26]} Be4
{[%clk 00:00:24]} {[%emt 00:00:04]} 42. Kh4 {[%clk 00:06:47]} {[%emt 00:00:33]}
Rb2 {[%emt 00:00:25]} 43. Na3 {[%clk 00:06:23]} {[%emt 00:00:33]} Rb3 {[%clk
00:00:20]} {[%emt 00:00:01]} 44. Ra1 {[%clk 00:06:17]} {[%emt 00:00:15]} Bc6
{[%clk 00:00:18]} {[%emt 00:00:12]} 45. Kg5 {[%clk 00:05:58]} {[%emt 00:00:29]}
Kg7 {[%clk 00:00:21]} {[%emt 00:00:07]} 46. Nb1 {[%clk 00:05:23]} {[%emt
00:00:44]} h6+ {[%clk 00:00:18]} {[%emt 00:00:14]} 47. Kh4 {[%clk 00:05:29]}
{[%emt 00:00:04]} Bg2 {[%clk 00:00:25]} {[%emt 00:00:04]} 48. gxf5 {[%clk
00:04:27]} {[%emt 00:01:12]} gxf5 {[%clk 00:00:29]} {[%emt 00:00:06]} 49. Kh5
{[%clk 00:04:10]} {[%emt 00:00:27]} Bf3+ {[%clk 00:00:31]} {[%emt 00:00:08]} 50.
Kh4 {[%clk 00:04:15]} {[%emt 00:00:05]} Be4 {[%clk 00:00:40]} {[%emt 00:00:01]}
51. Na3 {[%clk 00:03:36]} {[%emt 00:00:49]} b4 {[%clk 00:00:40]} {[%emt
00:00:10]} 52. Nxc4 {[%clk 00:03:17]} {[%emt 00:00:30]} Rxc3 {[%clk 00:00:42]}
{[%emt 00:00:09]} 53. Nd6 {[%clk 00:03:06]} {[%emt 00:00:21]} Bg2 {[%clk
00:00:50]} {[%emt 00:00:01]} 54. Ne8+ {[%clk 00:02:40]} {[%emt 00:00:35]} Kg6
{[%clk 00:00:41]} {[%emt 00:00:20]} 0-1

[Event "ABC-4 2025 Groep B"]
[Site "Utrecht"]
[Date "2025.03.16"]
[Round "5.9"]
[White "Xu, Nicholas M"]
[Black "Ngangbam, Chingthang"]
[Result "1/2-1/2"]
[WhiteFideId "8883281"]
[BlackFideId "8869729"]
[WhiteElo "1794"]
[BlackElo "1920"]

1. e4 {[%clk 00:53:37]} {[%emt 00:01:42]} c5 {[%clk 00:55:08]} {[%emt
00:00:12]} 2. c3 {[%clk 00:53:40]} {[%emt 00:00:08]} d5 {[%clk 00:54:54]}
{[%emt 00:00:23]} 3. exd5 {[%clk 00:53:44]} {[%emt 00:00:05]} Qxd5 {[%clk
00:54:58]} {[%emt 00:00:06]} 4. d4 {[%clk 00:53:48]} {[%emt 00:00:06]} Nc6
{[%clk 00:54:50]} {[%emt 00:00:18]} 5. Nf3 {[%clk 00:53:44]} {[%emt 00:00:14]}
Bg4 {[%clk 00:54:50]} {[%emt 00:00:09]} 6. Be2 {[%clk 00:53:39]} {[%emt
00:00:16]} cxd4 {[%clk 00:54:52]} {[%emt 00:00:08]} 7. cxd4 {[%clk 00:53:41]}
{[%emt 00:00:08]} e6 {[%clk 00:54:54]} {[%emt 00:00:08]} 8. Nc3 {[%clk
00:53:44]} {[%emt 00:00:06]} Qa5 {[%clk 00:54:15]} {[%emt 00:00:48]} 9. O-O
{[%clk 00:53:37]} {[%emt 00:00:18]} Nf6 {[%clk 00:54:16]} {[%emt 00:00:09]} 10.
Be3 {[%clk 00:53:21]} {[%emt 00:00:25]} Bb4 {[%clk 00:53:15]} {[%emt 00:01:11]}
11. Qb3 {[%clk 00:53:16]} {[%emt 00:00:16]} O-O {[%clk 00:53:06]} {[%emt
00:00:18]} 12. Rac1 {[%clk 00:52:48]} {[%emt 00:00:38]} Rfd8 {[%clk 00:51:31]}
{[%emt 00:01:45]} 13. Rfd1 {[%clk 00:52:11]} {[%emt 00:00:47]} Rac8 {[%clk
00:50:27]} {[%emt 00:01:14]} 14. a3 {[%clk 00:51:54]} {[%emt 00:00:28]} Bxc3
{[%clk 00:50:19]} {[%emt 00:00:18]} 15. bxc3 {[%clk 00:50:50]} {[%emt
00:01:13]} Nd5 {[%clk 00:45:36]} {[%emt 00:04:54]} 16. c4 {[%clk 00:50:46]}
{[%emt 00:00:14]} Nxe3 {[%emt 00:02:39]} 17. fxe3 {[%clk 00:48:51]} Bxf3 {[%clk
00:40:09]} {[%emt 00:05:14]} 18. Bxf3 {[%clk 00:48:34]} {[%emt 00:00:26]} Qg5
{[%clk 00:40:00]} {[%emt 00:00:19]} 19. Kh1 {[%clk 00:47:51]} {[%emt 00:00:54]}
b6 {[%clk 00:35:03]} {[%emt 00:05:07]} 20. Bxc6 {[%clk 00:40:12]} {[%emt
00:07:48]} Rxc6 {[%clk 00:35:05]} {[%emt 00:00:09]} 21. d5 {[%clk 00:34:03]}
{[%emt 00:06:18]} exd5 {[%clk 00:30:00]} {[%emt 00:05:16]} 22. cxd5 {[%clk
00:31:27]} {[%emt 00:02:46]} Rg6 {[%clk 00:27:53]} {[%emt 00:02:16]} 23. Rc2
{[%clk 00:26:46]} {[%emt 00:04:51]} h6 {[%clk 00:26:07]} {[%emt 00:01:56]} 24.
e4 {[%clk 00:22:15]} {[%emt 00:04:41]} Qe5 {[%clk 00:25:34]} {[%emt 00:00:44]}
25. Re2 {[%clk 00:15:23]} {[%emt 00:07:01]} Rg4 {[%clk 00:24:35]} {[%emt
00:01:09]} 26. Qf3 {[%clk 00:13:12]} {[%emt 00:02:21]} Rf4 {[%clk 00:23:32]}
{[%emt 00:01:13]} 27. Qg3 {[%clk 00:11:48]} {[%emt 00:01:35]} Rxd5 {[%clk
00:22:08]} {[%emt 00:01:34]} 28. exd5 {[%clk 00:07:49]} {[%emt 00:04:09]} Qxe2
{[%clk 00:21:58]} {[%emt 00:00:19]} 29. Rg1 {[%clk 00:05:34]} {[%emt 00:02:24]}
Qf2 {[%clk 00:16:30]} {[%emt 00:05:38]} 30. Qd3 {[%clk 00:04:17]} {[%emt
00:01:28]} Rd4 {[%clk 00:16:19]} {[%emt 00:00:21]} 31. Qb3 {[%clk 00:04:02]}
{[%emt 00:00:25]} Qd2 {[%clk 00:15:53]} {[%emt 00:00:35]} 32. Qb5 {[%clk
00:03:37]} {[%emt 00:00:37]} Kf8 {[%clk 00:11:58]} {[%emt 00:04:05]} 33. Qa6
{[%clk 00:02:59]} {[%emt 00:00:47]} Rxd5 {[%clk 00:10:49]} {[%emt 00:01:18]} 34.
Qxa7 {[%clk 00:03:00]} {[%emt 00:00:08]} Qd4 {[%clk 00:09:42]} {[%emt
00:01:17]} 35. Rf1 {[%clk 00:02:42]} {[%emt 00:00:29]} f5 {[%clk 00:06:32]}
{[%emt 00:03:20]} 36. Qa8+ {[%clk 00:02:30]} {[%emt 00:00:22]} Kf7 {[%clk
00:06:30]} {[%emt 00:00:12]} 37. Qb7+ {[%clk 00:02:28]} {[%emt 00:00:12]} Kg6
{[%clk 00:06:26]} {[%emt 00:00:14]} 38. Qc6+ {[%clk 00:02:29]} {[%emt
00:00:09]} Kh7 {[%clk 00:06:18]} {[%emt 00:00:18]} 39. h3 {[%clk 00:01:59]}
{[%emt 00:00:39]} b5 {[%clk 00:06:02]} {[%emt 00:00:27]} 40. Qe6 {[%clk
00:01:43]} {[%emt 00:00:26]} f4 {[%clk 00:04:53]} {[%emt 00:01:20]} 41. Rxf4
{[%clk 00:01:04]} {[%emt 00:00:49]} Qxf4 {[%clk 00:04:15]} {[%emt 00:00:48]} 42.
Qxd5 {[%clk 00:01:10]} {[%emt 00:00:04]} Qc4 {[%clk 00:03:27]} {[%emt
00:00:57]} 43. Qf3 {[%clk 00:01:02]} {[%emt 00:00:18]} Kg6 {[%clk 00:03:05]}
{[%emt 00:00:32]} 44. Kh2 {[%clk 00:01:11]} {[%emt 00:00:02]} Kg5 {[%clk
00:02:58]} {[%emt 00:00:15]} 45. Kg1 {[%clk 00:01:07]} {[%emt 00:00:15]} Qc1+
{[%clk 00:02:54]} {[%emt 00:00:14]} 46. Kh2 {[%clk 00:01:14]} {[%emt 00:00:04]}
Qf4+ {[%clk 00:02:57]} {[%emt 00:00:07]} 47. Qg3+ {[%clk 00:01:02]} {[%emt
00:00:22]} Kf5 {[%clk 00:02:53]} {[%emt 00:00:14]} 48. h4 {[%clk 00:00:40]}
{[%emt 00:00:32]} h5 {[%clk 00:01:52]} {[%emt 00:01:11]} 49. Kh3 {[%clk
00:00:40]} {[%emt 00:00:09]} Qxg3+ {[%clk 00:01:52]} {[%emt 00:00:10]} 50. Kxg3
{[%clk 00:00:49]} {[%emt 00:00:01]} Ke4 {[%emt 00:00:04]} 51. Kh3 {[%clk
00:00:43]} {[%emt 00:00:15]} Kd4 {[%clk 00:01:38]} {[%emt 00:00:31]} 52. g4
{[%clk 00:00:51]} {[%emt 00:00:03]} Kc3 {[%clk 00:01:16]} {[%emt 00:00:32]} 53.
gxh5 {[%clk 00:00:59]} {[%emt 00:00:01]} Kb3 {[%clk 00:01:24]} {[%emt
00:00:02]} 54. Kg4 {[%clk 00:01:08]} {[%emt 00:00:01]} Kxa3 {[%clk 00:01:32]}
{[%emt 00:00:02]} 55. Kg5 {[%clk 00:01:16]} {[%emt 00:00:01]} b4 {[%clk
00:01:39]} {[%emt 00:00:03]} 56. Kg6 {[%clk 00:01:25]} {[%emt 00:00:01]} b3
{[%clk 00:01:48]} {[%emt 00:00:01]} 57. Kxg7 {[%clk 00:01:34]} {[%emt
00:00:01]} b2 {[%clk 00:01:54]} {[%emt 00:00:05]} 58. h6 {[%clk 00:01:42]}
{[%emt 00:00:02]} b1=Q {[%clk 00:02:00]} {[%emt 00:00:04]} 59. h7 {[%clk
00:01:48]} {[%emt 00:00:03]} Qb7+ {[%clk 00:02:01]} {[%emt 00:00:09]} 60. Kg8
{[%clk 00:01:56]} {[%emt 00:00:02]} Qc8+ {[%clk 00:02:06]} {[%emt 00:00:06]} 61.
Kg7 {[%clk 00:02:03]} {[%emt 00:00:02]} Qd7+ {[%clk 00:02:04]} {[%emt
00:00:12]} 62. Kg8 {[%clk 00:02:03]} {[%emt 00:00:10]} Qe6+ {[%clk 00:01:49]}
{[%emt 00:00:25]} 63. Kg7 {[%clk 00:02:08]} {[%emt 00:00:05]} Qg4+ {[%clk
00:01:27]} {[%emt 00:00:32]} 64. Kh6 {[%clk 00:02:02]} {[%emt 00:00:16]} Qe6+
{[%clk 00:01:00]} {[%emt 00:00:37]} 65. Kg7 {[%clk 00:02:00]} {[%emt 00:00:12]}
Qe7+ {[%clk 00:01:00]} {[%emt 00:00:10]} 66. Kg8 {[%clk 00:02:07]} {[%emt
00:00:04]} Qe8+ {[%clk 00:00:43]} {[%emt 00:00:27]} 67. Kg7 {[%clk 00:02:14]}
{[%emt 00:00:03]} Qe5+ {[%clk 00:00:29]} {[%emt 00:00:24]} 68. Kg8 {[%clk
00:02:19]} {[%emt 00:00:05]} Qe6+ {[%clk 00:00:26]} {[%emt 00:00:12]} 69. Kg7
{[%clk 00:02:27]} {[%emt 00:00:02]} Qe7+ {[%clk 00:00:33]} {[%emt 00:00:03]} 70.
Kg8 {[%clk 00:02:36]} {[%emt 00:00:01]} Qe6+ {[%clk 00:00:42]} {[%emt
00:00:02]} 71. Kg7 {[%clk 00:02:44]} {[%emt 00:00:01]} Qe7+ {[%clk 00:00:50]}
{[%emt 00:00:02]} 1/2-1/2

[Event "ABC-4 2025 Groep B"]
[Site "Utrecht"]
[Date "2025.03.16"]
[Round "5.10"]
[White "Breider, Jayden"]
[Black "Hagen, Carlijn"]
[Result "0-1"]
[WhiteFideId "8784457"]
[BlackFideId "8829128"]
[WhiteElo "1699"]
[BlackElo "1910"]

1. e4 {[%clk 00:55:19]} e5 {[%clk 00:52:39]} {[%emt 00:02:41]} 2. Nf3 {[%clk
00:55:22]} {[%emt 00:00:07]} Nc6 {[%clk 00:52:40]} {[%emt 00:00:09]} 3. Bc4
{[%clk 00:55:28]} {[%emt 00:00:05]} Bc5 {[%clk 00:52:42]} {[%emt 00:00:08]} 4.
c3 {[%clk 00:55:34]} {[%emt 00:00:04]} Nf6 {[%clk 00:51:28]} {[%emt 00:01:24]}
5. d4 {[%clk 00:55:40]} {[%emt 00:00:05]} exd4 {[%clk 00:51:28]} {[%emt
00:00:10]} 6. e5 {[%clk 00:55:45]} {[%emt 00:00:05]} Qe7 {[%clk 00:50:46]}
{[%emt 00:00:52]} 7. O-O {[%clk 00:53:57]} {[%emt 00:01:58]} Ng4 {[%clk
00:39:17]} {[%emt 00:11:39]} 8. Bg5 {[%clk 00:42:39]} {[%emt 00:11:28]} Qf8
{[%clk 00:37:54]} {[%emt 00:01:32]} 9. cxd4 {[%clk 00:40:50]} {[%emt 00:02:00]}
Bb6 {[%clk 00:37:28]} {[%emt 00:00:35]} 10. h3 {[%clk 00:37:06]} {[%emt
00:03:53]} Nh6 {[%clk 00:37:12]} {[%emt 00:00:27]} 11. d5 {[%clk 00:32:53]}
{[%emt 00:04:24]} Na5 {[%clk 00:36:23]} {[%emt 00:00:58]} 12. Na3 {[%clk
00:28:34]} {[%emt 00:04:29]} Qb4 {[%clk 00:28:54]} {[%emt 00:07:39]} 13. Qe2
{[%clk 00:26:48]} {[%emt 00:01:55]} Nf5 {[%clk 00:27:48]} {[%emt 00:01:17]} 14.
Rab1 {[%clk 00:20:28]} {[%emt 00:06:30]} Ng3 {[%clk 00:26:58]} {[%emt
00:00:59]} 15. Qd3 {[%clk 00:16:29]} {[%emt 00:04:08]} Nxf1 {[%clk 00:26:15]}
{[%emt 00:00:54]} 16. Kxf1 {[%clk 00:16:12]} {[%emt 00:00:27]} O-O {[%clk
00:20:50]} {[%emt 00:05:35]} 17. d6 {[%clk 00:13:33]} {[%emt 00:02:49]} cxd6
{[%clk 00:18:16]} {[%emt 00:02:44]} 18. Be7 {[%clk 00:12:20]} {[%emt 00:01:23]}
Qc5 {[%clk 00:13:56]} {[%emt 00:04:29]} 19. Qc2 {[%clk 00:10:35]} {[%emt
00:01:56]} Nxc4 {[%clk 00:12:38]} {[%emt 00:01:29]} 20. Nxc4 {[%clk 00:09:07]}
{[%emt 00:01:37]} Qb5 {[%clk 00:11:47]} {[%emt 00:01:01]} 21. Bxf8 {[%clk
00:08:07]} {[%emt 00:01:10]} d5 {[%clk 00:11:43]} {[%emt 00:00:14]} 22. Bd6
{[%clk 00:03:57]} {[%emt 00:04:20]} Bd8 {[%clk 00:09:01]} {[%emt 00:02:52]} 23.
Rc1 {[%clk 00:02:58]} {[%emt 00:01:09]} b6 {[%clk 00:08:43]} {[%emt 00:00:28]}
24. Nd4 {[%clk 00:02:48]} {[%emt 00:00:20]} Qxc4+ {[%clk 00:08:41]} {[%emt
00:00:13]} 25. Qxc4 {[%clk 00:02:56]} {[%emt 00:00:02]} dxc4 {[%clk 00:08:46]}
{[%emt 00:00:05]} 26. Ke1 {[%clk 00:02:32]} {[%emt 00:00:34]} Ba6 {[%clk
00:08:40]} {[%emt 00:00:15]} 27. g3 {[%clk 00:02:10]} {[%emt 00:00:32]} Rc8
{[%clk 00:08:04]} {[%emt 00:00:46]} 28. Kd2 {[%clk 00:01:52]} {[%emt 00:00:29]}
Bc7 {[%clk 00:07:52]} {[%emt 00:00:21]} 29. Nf5 {[%clk 00:01:49]} {[%emt
00:00:12]} Bxd6 {[%clk 00:07:23]} {[%emt 00:00:40]} 30. Nxd6 {[%clk 00:01:31]}
{[%emt 00:00:28]} Rc5 {[%clk 00:07:17]} {[%emt 00:00:16]} 31. f4 {[%clk
00:01:19]} {[%emt 00:00:22]} f6 {[%clk 00:06:43]} {[%emt 00:00:45]} 32. Re1
{[%clk 00:01:08]} {[%emt 00:00:21]} Rd5+ {[%clk 00:05:52]} {[%emt 00:01:01]} 33.
Kc2 {[%clk 00:01:14]} {[%emt 00:00:04]} fxe5 {[%clk 00:04:38]} {[%emt
00:01:23]} 34. fxe5 {[%clk 00:01:16]} {[%emt 00:00:08]} Rd3 {[%clk 00:04:41]}
{[%emt 00:00:07]} 35. e6 {[%clk 00:01:15]} {[%emt 00:00:11]} dxe6 {[%clk
00:04:30]} {[%emt 00:00:22]} 36. Rxe6 {[%clk 00:01:23]} {[%emt 00:00:02]} h6
{[%clk 00:04:11]} {[%emt 00:00:28]} 37. Re8+ {[%clk 00:00:48]} {[%emt
00:00:44]} Kh7 {[%clk 00:04:20]} {[%emt 00:00:02]} 38. Nf5 {[%clk 00:00:52]}
{[%emt 00:00:07]} Kg6 {[%clk 00:04:02]} {[%emt 00:00:28]} 39. Nh4+ {[%clk
00:00:53]} {[%emt 00:00:08]} Kg5 {[%clk 00:03:49]} {[%emt 00:00:23]} 40. Re5+
{[%clk 00:00:58]} {[%emt 00:00:06]} Kf6 {[%clk 00:03:54]} {[%emt 00:00:05]} 41.
Rf5+ {[%clk 00:01:07]} {[%emt 00:00:01]} Ke6 {[%clk 00:03:55]} {[%emt
00:00:09]} 42. Rf3 {[%clk 00:01:03]} {[%emt 00:00:14]} Rxf3 {[%clk 00:03:21]}
{[%emt 00:00:44]} 43. Nxf3 {[%clk 00:01:12]} {[%emt 00:00:01]} Kd5 {[%clk
00:03:31]} 44. Nh4 {[%clk 00:00:57]} {[%emt 00:00:25]} Bc8 {[%clk 00:03:30]}
{[%emt 00:00:11]} 45. g4 {[%clk 00:00:59]} {[%emt 00:00:07]} b5 {[%clk
00:03:34]} {[%emt 00:00:06]} 46. Kd2 {[%clk 00:00:59]} {[%emt 00:00:10]} a5
{[%clk 00:03:35]} {[%emt 00:00:09]} 47. Ng6 {[%clk 00:00:53]} {[%emt 00:00:16]}
Ke4 {[%clk 00:03:14]} {[%emt 00:00:31]} 48. Ne7 {[%clk 00:00:47]} {[%emt
00:00:15]} Bd7 {[%clk 00:03:20]} {[%emt 00:00:05]} 49. Ke2 {[%clk 00:00:56]} b4
{[%clk 00:03:21]} {[%emt 00:00:09]} 50. Ng6 {[%clk 00:00:54]} {[%emt 00:00:12]}
a4 {[%clk 00:03:21]} {[%emt 00:00:11]} 51. Nf8 {[%clk 00:00:56]} {[%emt
00:00:08]} Bc8 {[%clk 00:03:26]} {[%emt 00:00:04]} 52. Ng6 {[%clk 00:01:00]}
{[%emt 00:00:06]} c3 {[%clk 00:02:39]} {[%emt 00:00:57]} 53. bxc3 {[%clk
00:00:31]} {[%emt 00:00:39]} b3 {[%clk 00:02:45]} {[%emt 00:00:05]} 54. axb3
{[%clk 00:00:35]} {[%emt 00:00:05]} a3 {[%clk 00:02:54]} 55. b4 {[%clk
00:00:44]} {[%emt 00:00:01]} a2 {[%clk 00:03:03]} {[%emt 00:00:01]} 56. b5
{[%clk 00:00:53]} {[%emt 00:00:01]} a1=Q {[%clk 00:03:11]} {[%emt 00:00:03]}
0-1